№ 10 (251); Нефть. Газ. Новации

Dettagli Bibliografici
Parent link:Нефть. Газ. Новации: научно-технический журнал. № 10 (251).— , 2013-2017, 2020-
Riassunto:Режим доступа: по договору с организацией-держателем ресурса
Lingua:russo
Pubblicazione: 2021
Accesso online:https://elibrary.ru/contents.asp?id=47794075
Natura: MixedMaterials Elettronico Libro
KOHA link:https://koha.lib.tpu.ru/cgi-bin/koha/opac-detail.pl?biblionumber=586951

MARC

LEADER 00000nam2a2200000 4500
001 586951
005 20231101131429.0
035 |a (RuTPU)RU\TPU\prd\289543 
035 |a RU\TPU\prd\289481 
090 |a 586951 
100 |a 20220215a20019999k y0rusy50 ca 
101 0 |a rus 
102 |a RU 
181 0 |a i  
182 0 |a b 
200 0 |a № 10 (251)  |b Электронный ресурс 
203 |a Текст  |c электронный 
210 |d 2021 
333 |a Режим доступа: по договору с организацией-держателем ресурса 
461 1 |0 (RuTPU)RU\TPU\prd\279153  |t Нефть. Газ. Новации  |o научно-технический журнал  |v № 10 (251)  |d 2013-2017, 2020- 
801 0 |a RU  |b 63413507  |c 20010227  |g PSBO 
801 1 |a RU  |b 63413507  |c 20160324 
801 2 |a RU  |b 63413507  |c 20220215  |g RCR 
856 4 0 |u https://elibrary.ru/contents.asp?id=47794075 
942 |c BK